The three investigators in The secret of the ... Read More
Available copies
- 1 of 1 copy available at LARL/NWRL Consortium.
Current holds
0 current holds with 1 total copy.
Show Only Available Copies
| Location | Call Number / Copy Notes | Barcode | Shelving Location | Status | Due Date |
|---|---|---|---|---|---|
| Red Lake Falls Public Library | j CAR (Text) | 35500006803785 | Main | Available | - |
Record details
- ISBN: 0394828208
- ISBN: 9780394828206
- ISBN: 0394928202
- ISBN: 9780394928203
- Physical Description: viii, 152 pages illustrations 22 cm.
- Publisher: New York, Random House [1974]
Content descriptions
| Summary, etc.: | Three young sleuths discover who is haunting a ... Read More |
Search for related items by subject
| Subject: | Detective and mystery stories. Mystery and detective stories. Detective and mystery stories. |
| Genre: | Detective and mystery fiction. Mystery fiction > Juvenile. Detective and mystery stories. Detective and mystery fiction. |
Search for related items by series
| LDR | 02281cam a2200517 4500 | ||
|---|---|---|---|
| 001 | 443682 | ||
| 003 | LARL_NWRL_CONSORTIUM | ||
| 005 | 20240814110140.0 | ||
| 008 | 740326s1974 nyua j 000 1 eng | ||
| 010 | . | ‡a 74005750 | |
| 035 | . | ‡a(OCoLC)867963 | |
| 040 | . | ‡aDLC ‡beng ‡cDLC ‡dBAKER ‡dBTCTA ‡dYDXCP ‡dSJL ‡dOCLCO ‡dOCLCF ‡dOCLCQ ‡dOCLCO ‡dWB9GB ‡dOCLCQ ‡dCD5 ‡dCHY ‡dOCLCA ‡dLKC ‡dOCLCO ‡dOCL ‡dTXSVP ‡dOCLCQ ‡dOCLCO ‡dOCLCQ ‡dOCLCL | |
| 019 | . | ‡a1233234 | |
| 020 | . | ‡a0394828208 | |
| 020 | . | ‡a9780394828206 | |
| 020 | . | ‡a0394928202 ‡q(lib. bdg.) | |
| 020 | . | ‡a9780394928203 ‡q(lib. bdg.) | |
| 035 | . | ‡a(OCoLC)867963 ‡z(OCoLC)1233234 | |
| 042 | . | ‡acyac | |
| 082 | . | ‡a[Fic] | |
| 100 | 1 | . | ‡aCarey, M. V. |
| 245 | 1 | 4. | ‡aThe three investigators in The secret of the haunted mirror / ‡ctext by M.V. Carey. Based on characters created by Robert Arthur. Illustrated by Jack Hearne. |
| 246 | 3 | . | ‡aSecret of the haunted mirror |
| 246 | 3 | . | ‡aAlfred Hitchcock and the three investigators in The secret of the haunted mirror |
| 260 | . | ‡aNew York, ‡bRandom House ‡c[1974] | |
| 300 | . | ‡aviii, 152 pages ‡billustrations ‡c22 cm. | |
| 336 | . | ‡atext ‡btxt ‡2rdacontent | |
| 337 | . | ‡aunmediated ‡bn ‡2rdamedia | |
| 338 | . | ‡avolume ‡bnc ‡2rdacarrier | |
| 490 | 0 | . | ‡aThree investigators ; ‡v21 |
| 490 | 0 | . | ‡aAlfred Hitchcock mystery ; ‡v21 |
| 520 | . | ‡aThree young sleuths discover who is haunting a mysterious old mirror--and why. | |
| 650 | 0. | ‡aDetective and mystery stories. ‡0(LARL_NWRL_CONSORTIUM)18458 | |
| 650 | 1. | ‡aMystery and detective stories. ‡0(LARL_NWRL_CONSORTIUM)176113 | |
| 650 | 7. | ‡aDetective and mystery stories. ‡2fast ‡0(LARL_NWRL_CONSORTIUM)18458 | |
| 655 | 7. | ‡aDetective and mystery fiction. ‡2fast | |
| 655 | 7. | ‡aMystery fiction ‡vJuvenile. ‡2local | |
| 655 | 7. | ‡aDetective and mystery stories. ‡2gsafd | |
| 655 | 7. | ‡aDetective and mystery fiction. ‡2lcgft | |
| 700 | 1 | . | ‡aArthur, Robert. ‡0(LARL_NWRL_CONSORTIUM)56021 |
| 700 | 1 | . | ‡aHearne, Jack, ‡eillustrator. |
| 901 | . | ‡a443682 ‡bAUTOGEN ‡c443682 ‡tbiblio | |

Add to basket
Permalink
Disable Highlighting